Music Quiz

Random Music or Singers Quiz

Quick Pick 'G' Singers Quiz Stats

 Plays Quiz not verified by Sporcle

Support Sporcle.
Go Orange.
Score 0/10 Timer 01:00
0 Plays Today
% Correct
Boy George
93.3%
Peter Gabriel
91.1%
Liam Gallagher
89.8%
Dave Grohl
89.5%
Jerry Garcia
86%
David Gilmour
80.9%
Billy Gibbons
80.4%
Björk Guðmundsdóttir
79.3%
Roland Gift
68.5%
Ian Gillan
68%

You're not logged in!

Compare scores with friends on all Sporcle quizzes.
OR
Log In

From the Vault

Like a Rolling Stone Clicky-oke

by manonthemoon

This song is kind of a big Dyl.
Remove Ads.
Support Sporcle.
Get the best of Sporcle when you Go Orange. This ad-free experience offers more features, more stats, and more fun while also helping to support Sporcle. Thank you for becoming a member.

Show Comments

Extras

Top Quizzes Today


Score Distribution

Your Account Isn't Verified!

In order to create a playlist on Sporcle, you need to verify the email address you used during registration. Go to your Sporcle Settings to finish the process.

Report this User

Report this user for behavior that violates our Community Guidelines.

Details: